[Event "Oberliga Ost B 2017 2018"]
[Site "Germany"]
[Date "2018.04.15"]
[Round "11.6"]
[White "Wahedi, Ahmad Siar"]
[Black "Krzesinski, Paul"]
[Result "1-0"]
[WhiteElo "2255"]
[BlackElo "2087"]
[PlyCount "91"]
[EventDate "2017.10.22"]
[EventType "team-tourn"]
[EventCountry "GER"]
[WhiteTeam "Neuberg SF"]
[BlackTeam "Frankfurter TV"]
[WhiteTeamCountry "GER"]
[BlackTeamCountry "GER"]

1. e4 e5 2. Nf3 Nc6 3. Bb5 a6 4. Ba4 Nf6 5. O-O Nxe4 6. Re1 Nc5 7. Bxc6 dxc6 8.
Rxe5+ Be6 9. d4 Nd7 10. Re1 Be7 11. Nc3 O-O 12. h3 Re8 13. Bf4 Nb6 14. Ne4 Nd5
15. Bd2 Nf6 16. Ng3 c5 17. c3 a5 18. Bg5 cxd4 19. Nxd4 Bd7 20. Ndf5 Ra6 21.
Nxe7+ Rxe7 22. Nh5 Rd6 23. Qc1 Rxe1+ 24. Qxe1 Qe8 25. Nxf6+ gxf6 26. Qxe8+ Bxe8
27. Bf4 Rc6 28. Rd1 Kf8 29. Rd5 a4 30. a3 Rc4 31. Be3 Bc6 32. Rf5 Rh4 33. f4
Ke7 34. Ra5 Rh6 35. Kh2 Rg6 36. g4 Rg8 37. Rh5 Be4 38. Bc5+ Ke6 39. Bd4 Rd8 40.
f5+ Kd5 41. Rxh7 c5 42. Bxf6 Rd7 43. Kg3 Kc4 44. h4 Kb3 45. c4 Kxc4 46. h5 1-0

[Event "Oberliga Ost B 2017 2018"]
[Site "Germany"]
[Date "2018.04.15"]
[Round "11.7"]
[White "Rondonuwu, Grover"]
[Black "Koller, Jens"]
[Result "1-0"]
[WhiteElo "2098"]
[BlackElo "2199"]
[PlyCount "81"]
[EventDate "2017.10.22"]
[EventType "team-tourn"]
[EventCountry "GER"]
[WhiteTeam "Frankfurter TV"]
[BlackTeam "Neuberg SF"]
[WhiteTeamCountry "GER"]
[BlackTeamCountry "GER"]

1. d4 Nf6 2. Nf3 g6 3. Bf4 Bg7 4. e3 d6 5. Be2 O-O 6. O-O c6 7. c4 Nbd7 8. Nc3
a6 9. a4 a5 10. h3 Re8 11. Bh2 Qb6 12. Qc2 e5 13. c5 dxc5 14. dxe5 Nd5 15. Nxd5
cxd5 16. Bb5 Re7 17. Rfd1 Nxe5 18. Bxe5 Bxe5 19. Rxd5 Bg7 20. e4 Be6 21. Rd2
Qc7 22. Bc4 Bxc4 23. Qxc4 Rae8 24. Re1 b6 25. b3 Qf4 26. Rde2 Rd8 27. Qc2 h5
28. Nd2 g5 29. g3 Qc7 30. Nc4 Be5 31. Kg2 Re6 32. Ne3 h4 33. Nf5 hxg3 34. fxg3
Qb7 35. Qc1 f6 36. Rd1 Rde8 37. Qc4 Kh7 38. Rd5 Kg6 39. Qd3 Bd4 40. Nd6 Rxd6
41. Rxd6 1-0

[Event "Oberliga Ost B 2017 2018"]
[Site "Germany"]
[Date "2018.04.15"]
[Round "11.8"]
[White "Heck, Norbert"]
[Black "Ortinau, Peter"]
[Result "1-0"]
[WhiteElo "2258"]
[BlackElo "2074"]
[PlyCount "67"]
[EventDate "2017.10.22"]
[EventType "team-tourn"]
[EventCountry "GER"]
[WhiteTeam "Neuberg SF"]
[BlackTeam "Frankfurter TV"]
[WhiteTeamCountry "GER"]
[BlackTeamCountry "GER"]

1. Nf3 d5 2. c4 e6 3. g3 Nf6 4. Bg2 d4 5. O-O c5 6. e3 Nc6 7. exd4 cxd4 8. d3
Bd6 9. Re1 O-O 10. a3 a5 11. Bg5 h6 12. Bxf6 Qxf6 13. Nbd2 Qd8 14. Qc2 e5 15.
Rab1 a4 16. Ne4 Bf5 17. Nxd6 Qxd6 18. Nd2 Qg6 19. Ne4 Rfe8 20. b4 axb3 21. Rxb3
Na5 22. Rb4 Kh7 23. Reb1 Bxe4 24. Bxe4 f5 25. Bd5 Ra6 26. Qb2 Re7 27. Rb5 Qd6
28. Qb4 Qxb4 29. R5xb4 Rc7 30. f3 Kg6 31. Ra4 Kh7 32. Rb5 Nc6 33. Rxa6 bxa6 34.
Rc5 1-0

[Event "Oberliga Ost B 2017 2018"]
[Site "Germany"]
[Date "2018.04.15"]
[Round "11.2"]
[White "Matviishen, Viktor"]
[Black "Dubiel, Jacek"]
[Result "1/2-1/2"]
[WhiteElo "2433"]
[BlackElo "2429"]
[PlyCount "120"]
[EventDate "2017.10.22"]
[EventType "team-tourn"]
[EventCountry "GER"]
[WhiteTeam "Kasseler SK"]
[BlackTeam "Oberursel SV"]
[WhiteTeamCountry "GER"]
[BlackTeamCountry "GER"]

1. d4 d5 2. c4 e6 3. Nc3 Be7 4. Nf3 Nf6 5. Bg5 h6 6. Bxf6 Bxf6 7. Qd2 b6 8. e4
dxe4 9. Nxe4 Bb7 10. Qe3 Nd7 11. Be2 Qe7 12. O-O O-O 13. Nxf6+ Qxf6 14. Rad1
Rad8 15. Rd2 Rfe8 16. Rfd1 Qe7 17. a3 a5 18. h3 Qf6 19. Nh2 Qg5 20. Qxg5 hxg5
21. Nf3 f6 22. Nh2 Kf7 23. Ng4 f5 24. Nh2 Kf6 25. Bh5 Re7 26. Bf3 Ba6 27. c5
Nb8 28. b4 axb4 29. axb4 Red7 30. Nf1 Bb5 31. Ne3 bxc5 32. bxc5 c6 33. Rb2 Na6
34. Ra1 Nc7 35. Ra7 Ne8 36. Rxd7 Rxd7 37. d5 exd5 38. Bxd5 cxd5 39. Rxb5 Nc7
40. c6 Nxb5 41. cxd7 Ke7 42. Nxf5+ Kxd7 43. Nxg7 Kd6 44. Kf1 Ke5 45. Ke1 Nc3
46. f3 d4 47. Kd2 Nd5 48. g3 Nc3 49. Kd3 Nd1 50. Ke2 Nc3+ 51. Kd2 Nd5 52. Nh5
Kf5 53. Kd3 Ke5 54. Ke2 Kf5 55. Kf2 Ke5 56. h4 gxh4 57. gxh4 d3 58. Ng3 d2 59.
Ke2 d1=Q+ 60. Kxd1 Kf4 1/2-1/2

[Event "Oberliga Ost B 2017 2018"]
[Site "Germany"]
[Date "2018.04.15"]
[Round "11.3"]
[White "Heinz, Axel"]
[Black "Frolov, Artur"]
[Result "1/2-1/2"]
[WhiteElo "2435"]
[BlackElo "2403"]
[PlyCount "98"]
[EventDate "2017.10.22"]
[EventType "team-tourn"]
[EventCountry "GER"]
[WhiteTeam "Oberursel SV"]
[BlackTeam "Kasseler SK"]
[WhiteTeamCountry "GER"]
[BlackTeamCountry "GER"]

1. e4 e5 2. Nf3 Nc6 3. Bc4 Bc5 4. c3 Nf6 5. d3 d6 6. Nbd2 a6 7. Bb3 Ba7 8. O-O
Ne7 9. Re1 Ng6 10. Nf1 O-O 11. Ng3 h6 12. h3 Bd7 13. d4 Qc8 14. Be3 Re8 15. Qd2
exd4 16. Bxd4 Ne5 17. Nxe5 dxe5 18. Bxa7 Rxa7 19. Rad1 Be6 20. Bxe6 Qxe6 21. b3
Raa8 22. Re3 g6 23. Rd3 Kg7 24. f3 a5 25. Kh2 Ra6 26. Nf1 Qe7 27. Ne3 Qc5 28.
Nd5 Nxd5 29. Rxd5 Qa3 30. c4 Rd6 31. Qc3 Rxd5 32. Rxd5 Qb4 33. Qxb4 axb4 34.
Rb5 b6 35. Rxb4 Ra8 36. a4 Kf6 37. Rb5 Ke6 38. Rd5 c6 39. Rd3 h5 40. Kg3 g5 41.
Kf2 h4 42. Ke3 Ke7 43. Kd2 Ra7 44. Kc3 Ra5 45. Kb4 f6 46. Rd2 Rc5 47. Ka3 Ke8
48. Rd1 Ke7 49. Rd3 Ke8 1/2-1/2

[Event "Oberliga Ost B 2017 2018"]
[Site "Germany"]
[Date "2018.04.15"]
[Round "11.4"]
[White "Hahn, Markus"]
[Black "Schlamp, Robert"]
[Result "1-0"]
[WhiteElo "2281"]
[BlackElo "2297"]
[PlyCount "77"]
[EventDate "2017.10.22"]
[EventType "team-tourn"]
[EventCountry "GER"]
[WhiteTeam "Kasseler SK"]
[BlackTeam "Oberursel SV"]
[WhiteTeamCountry "GER"]
[BlackTeamCountry "GER"]

1. d4 Nf6 2. c4 g6 3. Nc3 d5 4. Nf3 Bg7 5. Bg5 Ne4 6. Bh4 Nxc3 7. bxc3 dxc4 8.
Qa4+ Qd7 9. Qxc4 O-O 10. e3 b6 11. Qb3 Nc6 12. Be2 Bb7 13. O-O Na5 14. Qb4 Rfe8
15. Rac1 Rac8 16. Qb5 c6 17. Qa4 Qf5 18. Rfd1 h6 19. Bg3 c5 20. Ne5 h5 21. Bb5
Bxe5 22. Bxe8 Bf6 23. Bd7 Qd5 24. e4 Qxe4 25. f3 Qe3+ 26. Bf2 Qg5 27. h4 Qf4
28. Bxc8 Bc6 29. Qc2 e6 30. Bxe6 fxe6 31. Qxg6+ Kf8 32. Qxh5 c4 33. Re1 Bd5 34.
Be3 Qg3 35. Bh6+ Kg8 36. Qe8+ Kh7 37. Qf7+ Kxh6 38. Qxf6+ Kh7 39. Re5 1-0

[Event "Oberliga Ost B 2017 2018"]
[Site "Germany"]
[Date "2018.04.15"]
[Round "11.6"]
[White "Dovzik, Juri"]
[Black "Haakert, Juergen"]
[Result "1/2-1/2"]
[WhiteElo "2304"]
[BlackElo "2312"]
[PlyCount "21"]
[EventDate "2017.10.22"]
[EventType "team-tourn"]
[EventCountry "GER"]
[WhiteTeam "Kasseler SK"]
[BlackTeam "Oberursel SV"]
[WhiteTeamCountry "GER"]
[BlackTeamCountry "GER"]

1. c4 e5 2. Nc3 Nc6 3. e3 Nf6 4. Nf3 Bb4 5. Qc2 O-O 6. Nd5 Be7 7. a3 Re8 8. d3
Bf8 9. Be2 d6 10. Nxf6+ Qxf6 11. O-O 1/2-1/2

[Event "Oberliga Ost B 2017 2018"]
[Site "Germany"]
[Date "2018.04.15"]
[Round "11.7"]
[White "Olesiak, Marcin"]
[Black "Kersten, Uwe"]
[Result "1/2-1/2"]
[WhiteElo "2076"]
[BlackElo "2245"]
[PlyCount "22"]
[EventDate "2017.10.22"]
[EventType "team-tourn"]
[EventCountry "GER"]
[WhiteTeam "Oberursel SV"]
[BlackTeam "Kasseler SK"]
[WhiteTeamCountry "GER"]
[BlackTeamCountry "GER"]

1. d4 Nf6 2. c4 e6 3. Nf3 b6 4. g3 Ba6 5. b3 Bb4+ 6. Bd2 Be7 7. Nc3 Bb7 8. Bg2
d5 9. cxd5 exd5 10. O-O O-O 11. Bg5 Ne4 1/2-1/2

[Event "Oberliga Ost B 2017 2018"]
[Site "Germany"]
[Date "2018.04.15"]
[Round "11.8"]
[White "Humburg, Philipp"]
[Black "Stork, Oliver"]
[Result "0-1"]
[WhiteElo "2204"]
[BlackElo "2093"]
[PlyCount "52"]
[EventDate "2017.10.22"]
[EventType "team-tourn"]
[EventCountry "GER"]
[WhiteTeam "Kasseler SK"]
[BlackTeam "Oberursel SV"]
[WhiteTeamCountry "GER"]
[BlackTeamCountry "GER"]

1. d4 d5 2. c4 e6 3. Nc3 Nf6 4. Nf3 Be7 5. Bf4 O-O 6. e3 c5 7. dxc5 Bxc5 8. a3
a5 9. cxd5 exd5 10. Be2 Nc6 11. Nb5 Bg4 12. Rc1 Qe7 13. Qc2 Ne4 14. O-O Rac8
15. Rfd1 Ne5 16. Qb3 Ng6 17. Bg3 h5 18. Nfd4 Bxe2 19. Nxe2 h4 20. Bf4 h3 21. g3
Rfe8 22. Ned4 Nxf4 23. exf4 Nxf2 24. Re1 Bxd4 25. Nxd4 Ng4 26. Nf3 Qe2 0-1

[Event "Oberliga Ost B 2017 2018"]
[Site "Germany"]
[Date "2018.04.15"]
[Round "11.1"]
[White "Henrich, Thomas"]
[Black "Richter, Dustin"]
[Result "1-0"]
[WhiteElo "2310"]
[BlackElo "2176"]
[PlyCount "63"]
[EventDate "2017.10.22"]
[EventType "team-tourn"]
[EventCountry "GER"]
[WhiteTeam "Marburg SK"]
[BlackTeam "Sangerhausen SV"]
[WhiteTeamCountry "GER"]
[BlackTeamCountry "GER"]

1. e4 c5 2. Nf3 e6 3. d4 cxd4 4. Nxd4 Nc6 5. Nc3 Qc7 6. Be3 Nf6 7. Qf3 a6 8.
Nxc6 dxc6 9. O-O-O e5 10. Qg3 b5 11. f3 Be6 12. Be2 Nh5 13. Qf2 Bb4 14. Bc5
Bxc3 15. bxc3 Nf4 16. a3 f6 17. Rd2 Kf7 18. Rhd1 Nxe2+ 19. Qxe2 Rhd8 20. Qe3
Rxd2 21. Rxd2 Rc8 22. Kb2 Qa5 23. Bb4 Qc7 24. Bd6 Qb7 25. Bc5 Qc7 26. Rd6 Bc4
27. Qd2 Ke8 28. f4 exf4 29. Qxf4 Bg8 30. e5 Qf7 31. exf6 gxf6 32. Qe3+ 1-0

[Event "Oberliga Ost B 2017 2018"]
[Site "Germany"]
[Date "2018.04.15"]
[Round "11.2"]
[White "Hillmann, Michael"]
[Black "Feldtmann, Thomas"]
[Result "1/2-1/2"]
[WhiteElo "2159"]
[BlackElo "2221"]
[PlyCount "83"]
[EventDate "2017.10.22"]
[EventType "team-tourn"]
[EventCountry "GER"]
[WhiteTeam "Sangerhausen SV"]
[BlackTeam "Marburg SK"]
[WhiteTeamCountry "GER"]
[BlackTeamCountry "GER"]

1. d4 Nf6 2. Bg5 d5 3. Bxf6 gxf6 4. e3 c5 5. Nf3 Nc6 6. c3 e5 7. Nbd2 Be6 8.
Be2 Bd6 9. Nb3 c4 10. Nbd2 e4 11. Nh4 f5 12. g3 b5 13. O-O f4 14. exf4 Bxf4 15.
Ng2 Bh6 16. f4 f5 17. Bxc4 dxc4 18. Qh5+ Bf7 19. Qxh6 Nxd4 20. cxd4 Qxd4+ 21.
Kh1 Rd8 22. Rfe1 Qxd2 23. Ne3 Rd6 24. Qg7 Qd4 25. Qxd4 Rxd4 26. Nxf5 Rd2 27.
Rxe4+ Kf8 28. Rd4 Bd5+ 29. Kg1 Rxd4 30. Nxd4 b4 31. a3 b3 32. Nb5 Be4 33. Re1
Bd3 34. Re5 Kf7 35. Kf2 Rd8 36. Nc3 Bc2 37. Nd5 Rxd5 38. Rxd5 c3 39. bxc3 b2
40. Rb5 b1=Q 41. Rxb1 Bxb1 42. Ke3 1/2-1/2

[Event "Oberliga Ost B 2017 2018"]
[Site "Germany"]
[Date "2018.04.15"]
[Round "11.3"]
[White "Alber, Horst"]
[Black "Hellwig, Tobias"]
[Result "1/2-1/2"]
[WhiteElo "2296"]
[BlackElo "2197"]
[PlyCount "37"]
[EventDate "2017.10.22"]
[EventType "team-tourn"]
[EventCountry "GER"]
[WhiteTeam "Marburg SK"]
[BlackTeam "Sangerhausen SV"]
[WhiteTeamCountry "GER"]
[BlackTeamCountry "GER"]

1. d4 d5 2. c4 c6 3. cxd5 cxd5 4. Nc3 Nc6 5. Bf4 e6 6. e3 Bd6 7. Bxd6 Qxd6 8.
Nf3 Nf6 9. Bd3 O-O 10. O-O e5 11. Nb5 Qe7 12. dxe5 Nxe5 13. h3 Nxd3 14. Qxd3
Be6 15. Rfc1 a6 16. Nbd4 Rac8 17. Nd2 Rfe8 18. a3 h6 19. N2f3 1/2-1/2

[Event "Oberliga Ost B 2017 2018"]
[Site "Germany"]
[Date "2018.04.15"]
[Round "11.4"]
[White "Heyder, Florian"]
[Black "Dorst, Johannes"]
[Result "1/2-1/2"]
[WhiteElo "2174"]
[BlackElo "2207"]
[PlyCount "72"]
[EventDate "2017.10.22"]
[EventType "team-tourn"]
[EventCountry "GER"]
[WhiteTeam "Sangerhausen SV"]
[BlackTeam "Marburg SK"]
[WhiteTeamCountry "GER"]
[BlackTeamCountry "GER"]

1. d4 Nf6 2. Nd2 d5 3. e3 Bg4 4. f3 Bh5 5. Ne2 e6 6. Ng3 Bg6 7. Bd3 c5 8. Qe2
Nc6 9. c3 Qc7 10. O-O Bd6 11. f4 Bxd3 12. Qxd3 cxd4 13. cxd4 Nb4 14. Qb5+ Qc6
15. Qxc6+ Nxc6 16. Nf3 h5 17. Bd2 Ne7 18. Ng5 h4 19. Ne2 Nf5 20. Rfe1 Rc8 21.
Rac1 Ke7 22. h3 b5 23. Rxc8 Rxc8 24. Rc1 Rxc1+ 25. Nxc1 Nh5 26. Ne2 Ke8 27. Kf2
Be7 28. Kf3 Nd6 29. Be1 Nf5 30. Bd2 Nf6 31. Nc1 Nd7 32. Nd3 Nf8 33. Kg4 f6 34.
Nf3 Ng6 35. Ng1 Kf7 36. Kf3 Bd6 1/2-1/2

[Event "Oberliga Ost B 2017 2018"]
[Site "Germany"]
[Date "2018.04.15"]
[Round "11.5"]
[White "Rolle, Eric"]
[Black "Guenther, Christian"]
[Result "1-0"]
[WhiteElo "2196"]
[BlackElo "2137"]
[PlyCount "57"]
[EventDate "2017.10.22"]
[EventType "team-tourn"]
[EventCountry "GER"]
[WhiteTeam "Marburg SK"]
[BlackTeam "Sangerhausen SV"]
[WhiteTeamCountry "GER"]
[BlackTeamCountry "GER"]

1. e4 Nf6 2. e5 Nd5 3. g3 d6 4. exd6 exd6 5. Bg2 Nb6 6. Ne2 Be7 7. a4 a5 8.
Nbc3 c6 9. d3 Bg4 10. Be3 d5 11. f3 Bf5 12. Nd4 Bg6 13. Nb3 O-O 14. O-O Re8 15.
f4 f5 16. Qd2 Bf6 17. Bf2 Bf7 18. Ne2 N8d7 19. Ned4 g6 20. Nxa5 c5 21. Nb5 Qb8
22. c4 Rxa5 23. Qxa5 dxc4 24. d4 cxd4 25. Nxd4 Qc7 26. Nb5 Qd8 27. Qd2 c3 28.
bxc3 Nc4 29. Qd3 1-0

[Event "Oberliga Ost B 2017 2018"]
[Site "Germany"]
[Date "2018.04.15"]
[Round "11.6"]
[White "Buerckner, Georg"]
[Black "Duncker, Joachim"]
[Result "1/2-1/2"]
[WhiteElo "2044"]
[BlackElo "2243"]
[PlyCount "76"]
[EventDate "2017.10.22"]
[EventType "team-tourn"]
[EventCountry "GER"]
[WhiteTeam "Sangerhausen SV"]
[BlackTeam "Marburg SK"]
[WhiteTeamCountry "GER"]
[BlackTeamCountry "GER"]

1. e4 d5 2. exd5 Nf6 3. d4 Bg4 4. Nf3 Qxd5 5. Be2 Nc6 6. O-O O-O-O 7. Be3 e6 8.
c4 Qd7 9. Qa4 a6 10. Rd1 Ne5 11. Qxd7+ Nexd7 12. Nc3 Bb4 13. Na4 e5 14. a3 Be7
15. d5 e4 16. Nd4 Bxe2 17. Nxe2 Ng4 18. Bd4 Nge5 19. Ng3 Nxc4 20. Nxe4 b5 21.
Rac1 Rhe8 22. Bc5 Bxc5 23. Naxc5 Nxc5 24. Nxc5 Rd6 25. b4 Re5 26. g3 Nxa3 27.
Ra1 Nc2 28. Rxa6 Rxa6 29. Nxa6 Re1+ 30. Rxe1 Nxe1 31. Kf1 Nf3 32. h4 Nd4 33.
Ke1 Kd7 34. Kd2 Kd6 35. Kd3 Nf3 36. Ke4 Nd2+ 37. Kd4 Nf3+ 38. Ke4 Nd2+ 1/2-1/2

[Event "Oberliga Ost B 2017 2018"]
[Site "Germany"]
[Date "2018.04.15"]
[Round "11.7"]
[White "Neidhardt, Helge"]
[Black "Rudolf, Henning"]
[Result "1/2-1/2"]
[WhiteElo "2087"]
[BlackElo "1864"]
[PlyCount "45"]
[EventDate "2017.10.22"]
[EventType "team-tourn"]
[EventCountry "GER"]
[WhiteTeam "Marburg SK"]
[BlackTeam "Sangerhausen SV"]
[WhiteTeamCountry "GER"]
[BlackTeamCountry "GER"]

1. d4 e6 2. e4 d5 3. exd5 exd5 4. Nf3 Nf6 5. Bd3 Bd6 6. O-O O-O 7. Bg5 Bg4 8.
Nbd2 c6 9. Re1 Nbd7 10. c3 Qc7 11. Qc2 Rfe8 12. Bh4 Bh5 13. Bg3 Bg6 14. Bxg6
hxg6 15. Bxd6 Qxd6 16. Qd3 Rxe1+ 17. Rxe1 Re8 18. Rxe8+ Nxe8 19. Qe3 Nc7 20.
Ne5 Ne6 21. Ndf3 Nf6 22. Ne1 b6 23. N1d3 1/2-1/2

[Event "Oberliga Ost B 2017 2018"]
[Site "Germany"]
[Date "2018.04.15"]
[Round "11.8"]
[White "Gremmer, Dieter"]
[Black "Lehmann, Stefan"]
[Result "1/2-1/2"]
[WhiteElo "1762"]
[BlackElo "1990"]
[PlyCount "53"]
[EventDate "2017.10.22"]
[EventType "team-tourn"]
[EventCountry "GER"]
[WhiteTeam "Sangerhausen SV"]
[BlackTeam "Marburg SK"]
[WhiteTeamCountry "GER"]
[BlackTeamCountry "GER"]

1. e4 c5 2. c3 d5 3. e5 Nc6 4. Nf3 Bg4 5. d4 e6 6. Be2 Qb6 7. Nbd2 cxd4 8. cxd4
Bb4 9. O-O Nge7 10. Nb3 Nf5 11. Be3 O-O 12. Rc1 Rac8 13. h3 Bxf3 14. Bxf3 Be7
15. Bg4 Nxe3 16. fxe3 a5 17. Rb1 Bg5 18. Qf3 a4 19. Nc1 Nb4 20. Ne2 Nc2 21. Nf4
Bxf4 22. Qxf4 Qb5 23. Rf3 Qd3 24. Rbf1 Rce8 25. h4 Qe4 26. Qg3 Nb4 27. Rf4
1/2-1/2

[Event "Oberliga Ost B 2017 2018"]
[Site "Germany"]
[Date "2018.04.15"]
[Round "11.1"]
[White "Geske, Julian"]
[Black "Kuznecovs, Nikita"]
[Result "0-1"]
[WhiteElo "2398"]
[BlackElo "2130"]
[PlyCount "80"]
[EventDate "2017.10.22"]
[EventType "team-tourn"]
[EventCountry "GER"]
[WhiteTeam "Wiesbadener SV"]
[BlackTeam "Stadtilm SG BW"]
[WhiteTeamCountry "GER"]
[BlackTeamCountry "GER"]

1. e4 e6 2. d4 d5 3. Nd2 Be7 4. Bd3 c5 5. dxc5 Nf6 6. Qe2 O-O 7. Ngf3 a5 8. O-O
Na6 9. e5 Nd7 10. c4 Naxc5 11. Bc2 b6 12. b3 Ba6 13. Rd1 Qc7 14. Bb2 Rfd8 15.
Rac1 Nb8 16. Bb1 Nc6 17. h4 a4 18. h5 Rd7 19. Qe1 axb3 20. axb3 Rad8 21. Ba3
dxc4 22. Bxc5 Bxc5 23. Nxc4 Bxc4 24. bxc4 Ba3 25. Rxd7 Qxd7 26. Rc2 Qd1 27. Kh2
Qxe1 28. Nxe1 Rd1 29. Ra2 Bf8 30. Be4 Nxe5 31. Nf3 Ng4+ 32. Kg3 f5 33. Ra8 h6
34. Nh4 Kf7 35. Nxf5 exf5 36. Bxf5 Ne5 37. f4 Nxc4 38. Bg6+ Kg8 39. Bf5 Re1 40.
Kf2 Re7 0-1

[Event "Oberliga Ost B 2017 2018"]
[Site "Germany"]
[Date "2018.04.15"]
[Round "11.2"]
[White "Siebarth, Raiko"]
[Black "Dubkov, Andrej"]
[Result "1/2-1/2"]
[WhiteElo "2288"]
[BlackElo "2328"]
[PlyCount "20"]
[EventDate "2017.10.22"]
[EventType "team-tourn"]
[EventCountry "GER"]
[WhiteTeam "Stadtilm SG BW"]
[BlackTeam "Wiesbadener SV"]
[WhiteTeamCountry "GER"]
[BlackTeamCountry "GER"]

1. e4 c5 2. Nc3 g6 3. Nge2 Bg7 4. g3 Nc6 5. Bg2 d6 6. d3 e6 7. O-O Nge7 8. Be3
Nd4 9. Nc1 O-O 10. Qd2 b6 1/2-1/2

[Event "Oberliga Ost B 2017 2018"]
[Site "Germany"]
[Date "2018.04.15"]
[Round "11.4"]
[White "Mehlhorn, Uwe"]
[Black "Minor, Samuel"]
[Result "0-1"]
[WhiteElo "2153"]
[BlackElo "2244"]
[PlyCount "74"]
[EventDate "2017.10.22"]
[EventType "team-tourn"]
[EventCountry "GER"]
[WhiteTeam "Stadtilm SG BW"]
[BlackTeam "Wiesbadener SV"]
[WhiteTeamCountry "GER"]
[BlackTeamCountry "GER"]

1. d4 d5 2. Nf3 c5 3. dxc5 e6 4. e4 Bxc5 5. Bb5+ Nc6 6. O-O Nf6 7. exd5 exd5 8.
Bg5 O-O 9. Nc3 a6 10. Bxf6 Qxf6 11. Qxd5 Bb4 12. Ne4 Qxb2 13. Bd3 Be6 14. Qg5
Be7 15. Qg3 Bxa2 16. Neg5 Bxg5 17. Nxg5 h6 18. Qh4 Ne5 19. Bh7+ Kh8 20. Bf5 Ng6
21. Qa4 Bd5 22. Be4 b5 23. Qa5 Bxe4 24. Nxe4 Qxc2 25. Nd6 Nf4 26. Qb6 Kg8 27.
Rxa6 Qg6 28. g3 Rxa6 29. Qxa6 Rd8 30. Rd1 Nd3 31. Rxd3 Qxd3 32. Nxb5 Rb8 33.
Nc7 Rb1+ 34. Kg2 Qe4+ 35. Kh3 Rb2 36. f4 Qf5+ 37. g4 Rb3+ 0-1

[Event "Oberliga Ost B 2017 2018"]
[Site "Germany"]
[Date "2018.04.15"]
[Round "11.6"]
[White "Siebarth, Marco"]
[Black "Kayser, Felix"]
[Result "1/2-1/2"]
[WhiteElo "2024"]
[BlackElo "2149"]
[PlyCount "47"]
[EventDate "2017.10.22"]
[EventType "team-tourn"]
[EventCountry "GER"]
[WhiteTeam "Stadtilm SG BW"]
[BlackTeam "Wiesbadener SV"]
[WhiteTeamCountry "GER"]
[BlackTeamCountry "GER"]

1. e4 c5 2. Nf3 g6 3. d4 cxd4 4. Nxd4 Nc6 5. Nxc6 bxc6 6. Qd4 Nf6 7. e5 Nd5 8.
Nc3 Nxc3 9. e6 f6 10. exd7+ Qxd7 11. Qxc3 Qe6+ 12. Be3 Bh6 13. Bc4 Qe4 14. O-O
Bxe3 15. fxe3 g5 16. Rad1 Be6 17. Rd4 Qe5 18. Rfd1 Rb8 19. Bb3 Kf7 20. R4d3
Qxc3 21. Rxc3 Rb6 22. Kf2 Rc8 23. Rc5 Rb5 24. Rxb5 1/2-1/2

[Event "Oberliga Ost B 2017 2018"]
[Site "Germany"]
[Date "2018.04.15"]
[Round "11.7"]
[White "Ungurean, Florin Ioan"]
[Black "Neubauer, Andreas"]
[Result "0-1"]
[WhiteElo "1979"]
[BlackElo "2145"]
[PlyCount "92"]
[EventDate "2017.10.22"]
[EventType "team-tourn"]
[EventCountry "GER"]
[WhiteTeam "Wiesbadener SV"]
[BlackTeam "Stadtilm SG BW"]
[WhiteTeamCountry "GER"]
[BlackTeamCountry "GER"]

1. d4 Nf6 2. Nf3 g6 3. Bf4 Bg7 4. e3 O-O 5. Be2 b6 6. O-O Bb7 7. h3 c5 8. Nc3
d5 9. Ne5 Nbd7 10. Bf3 e6 11. Re1 a6 12. a4 Rc8 13. Nb1 Nxe5 14. Bxe5 Nd7 15.
Bxg7 Kxg7 16. c3 Qf6 17. Qb3 c4 18. Qd1 e5 19. Bg4 Rcd8 20. Bxd7 Rxd7 21. dxe5
Qxe5 22. Qd4 Qxd4 23. exd4 Rc8 24. Nd2 Rcc7 25. a5 b5 26. Re5 f6 27. Re3 Re7
28. Rae1 Kf7 29. Nf1 Rxe3 30. Rxe3 Re7 31. Nd2 Bc8 32. g4 h6 33. b4 Rxe3 34.
fxe3 f5 35. gxf5 Bxf5 36. Kg2 Kf6 37. Kg3 g5 38. Nf3 Be6 39. h4 Kf5 40. hxg5
hxg5 41. Nd2 Bf7 42. Kf2 Bh5 43. e4+ dxe4 44. Ke3 Bf3 45. Nxc4 bxc4 46. b5 g4
0-1

[Event "Oberliga Ost B 2017 2018"]
[Site "Germany"]
[Date "2018.04.15"]
[Round "11.8"]
[White "Wolf, Philipp"]
[Black "Li, Maxim"]
[Result "1/2-1/2"]
[WhiteElo "1832"]
[BlackElo "1932"]
[PlyCount "23"]
[EventDate "2017.10.22"]
[EventType "team-tourn"]
[EventCountry "GER"]
[WhiteTeam "Stadtilm SG BW"]
[BlackTeam "Wiesbadener SV"]
[WhiteTeamCountry "GER"]
[BlackTeamCountry "GER"]

1. e4 e6 2. d4 d5 3. Nd2 Be7 4. Bd3 c5 5. dxc5 Nf6 6. exd5 Qxd5 7. Ngf3 Nc6 8.
Nb3 O-O 9. O-O Bxc5 10. Nxc5 Qxc5 11. Bd2 e5 12. Qe1 1/2-1/2